[Event "Titled Tue 24th Jun Early"]
[Site "chess.com INT"]
[Date "2025.06.24"]
[Round "1"]
[White "Modric, Nesa"]
[Black "Kleimenov, Nikolay"]
[Result "1/2-1/2"]
[WhiteTitle "CM"]
[BlackTitle "CM"]
[WhiteElo "2088"]
[BlackElo "2199"]
[WhiteFideId "922579"]
[BlackFideId "34414223"]
[EventDate "2025.06.24"]

1. d4 Nf6 2. Bg5 Ne4 3. Bh4 d5 4. f3 Nf6 5. Nc3 c5 6. e3 Nc6 7. Bb5 Bf5 8. dxc5
e6 9. b4 a6 10. Ba4 Be7 11. Nge2 O-O 12. a3 Nd7 13. Bxe7 Qxe7 14. O-O Nce5 15.
Nd4 Bg6 16. Bb3 Rad8 17. Qe2 Rfe8 18. Rad1 Nb8 19. e4 dxe4 20. Nxe4 Nbc6 21. Nd6
Nxd4 22. Rxd4 Nc6 23. Rd2 Rf8 24. Rfd1 e5 25. c3 Qc7 26. Ne4 Rxd2 27. Rxd2 Rd8
28. Qd1 Rxd2 29. Qxd2 Bf5 30. Qd6 Qc8 31. Ng5 Bg6 32. g4 Qd8 33. Ne4 Bxe4 34.
Qxd8+ Nxd8 35. fxe4 Kf8 36. Bd5 Ke7 37. c4 f6 38. a4 Kd7 39. a5 Kc7 40. b5 Kc8
41. Kf2 Kc7 42. Ke3 h6 43. h4 Kc8 44. h5 Kc7 45. Kd3 Kc8 46. Kc3 Kc7 47. Kb4 Kc8
48. c6 bxc6 49. bxc6 Kb8 50. Kc5 Kc7 51. Kb4 Nxc6+ 52. Bxc6 Kxc6 53. c5 Kc7 54.
Kc3 Kd7 55. Kc4 Kc6 56. Kb4 Kc7 57. Kc4 Kc6 58. Kb4 1/2-1/2

[Event "Titled Tue 24th Jun Early"]
[Site "chess.com INT"]
[Date "2025.06.24"]
[Round "1"]
[White "Dwilewicz, Katarzyna"]
[Black "Klekowski, Maciej"]
[Result "1/2-1/2"]
[WhiteTitle "WFM"]
[BlackTitle "GM"]
[WhiteElo "2198"]
[BlackElo "2474"]
[WhiteFideId "1148486"]
[BlackFideId "1132717"]
[EventDate "2025.06.24"]

1. e4 c5 2. Nc3 Nc6 3. Bb5 Nd4 4. Bc4 a6 5. a4 e6 6. Nge2 Nf6 7. O-O d5 8. exd5
exd5 9. Ba2 Bg4 10. f3 Be6 11. d3 Nxe2+ 12. Qxe2 Be7 13. f4 Qd7 14. Qf3 Bg4 15.
Qg3 Bf5 16. Bd2 O-O 17. Rae1 Rfe8 18. h3 h5 19. Qf3 Rad8 20. Re5 d4 21. Nd5 Nxd5
22. Rxd5 Qc8 23. Qxh5 Be6 24. Rxd8 Rxd8 25. Bxe6 Qxe6 26. f5 Qf6 27. Qf3 b5 28.
axb5 axb5 29. b3 Bd6 30. g4 Re8 31. Kg2 Qh4 32. Qf2 Qd8 33. Bf4 Qa8+ 34. Kg1
Bxf4 35. Qxf4 Re2 36. Qg3 Rxc2 37. f6 g6 38. Rf2 Rc1+ 39. Rf1 Rxf1+ 40. Kxf1
Qa1+ 41. Kg2 Qb2+ 42. Kg1 Qc1+ 43. Kg2 Qc2+ 44. Kg1 Qd1+ 45. Kg2 Qxb3 46. Qb8+
Kh7 47. Qf8 Qc2+ 48. Kg1 Qc1+ 49. Kg2 Qd2+ 50. Kg1 Qe3+ 51. Kg2 Qe2+ 52. Kg1
Qd1+ 53. Kg2 Qd2+ 54. Kg1 Qc1+ 55. Kg2 Qc2+ 56. Kg1 Qd1+ 57. Kg2 Qe2+ 58. Kg1
Qe3+ 59. Kg2 Qe2+ 1/2-1/2

[Event "Titled Tue 24th Jun Early"]
[Site "chess.com INT"]
[Date "2025.06.24"]
[Round "1"]
[White "Zozek Salah Mohammed"]
[Black "Habans Aguerrea, Javier"]
[Result "0-1"]
[WhiteTitle "FM"]
[BlackTitle "IM"]
[WhiteElo "2205"]
[BlackElo "2448"]
[WhiteFideId "4803361"]
[BlackFideId "24524689"]
[EventDate "2025.06.24"]

1. d4 e6 2. Nf3 d5 3. g3 Nf6 4. Bg2 c5 5. O-O Nc6 6. c4 dxc4 7. Qa4 Bd7 8. Qxc4
b5 9. Qd3 Rc8 10. Nc3 a6 11. a4 c4 12. Qb1 Qb6 13. axb5 axb5 14. d5 exd5 15. Bg5
Be6 16. Bxf6 gxf6 17. Rd1 d4 18. Ne4 Be7 19. Qa2 O-O 20. Qa6 Qxa6 21. Rxa6 Rfd8
22. h4 b4 23. Rxc6 Rxc6 24. Nxd4 Rcc8 25. e3 c3 26. bxc3 bxc3 27. Rc1 f5 28.
Nxc3 Ba3 29. Rc2 Bb4 30. Nc6 Rd3 31. Nb5 Bf8 32. Nbd4 Ra8 33. Ne7+ Bxe7 34. Bxa8
Bf6 35. Nxe6 fxe6 36. Kg2 Rd7 37. Bc6 Rc7 38. Ba4 Re7 39. Rc6 Kf7 40. Bb3 h6 41.
f3 Be5 42. Kh3 Kf6 43. e4 fxe4 44. fxe4 Bd4 45. g4 Ke5 46. g5 hxg5 47. hxg5 Kf4
48. Rxe6 Rh7+ 49. Kg2 Rb7 50. Bd1 Rb2+ 51. Kf1 Kxg5 52. Rd6 Be3 53. e5 Bf4 54.
Rd5 Kf5 55. e6+ Kxe6 56. Rd3 Ke5 57. Be2 Ke4 58. Ra3 Be3 59. Ra4+ Bd4 60. Ra1
Rb6 61. Rd1 Rf6+ 62. Ke1 Bc3+ 63. Rd2 Rd6 0-1

[Event "Titled Tue 24th Jun Early"]
[Site "chess.com INT"]
[Date "2025.06.24"]
[Round "1"]
[White "Ughuzov, Ravan"]
[Black "Sericano, Claudio"]
[Result "1-0"]
[WhiteTitle "FM"]
[BlackTitle "FM"]
[WhiteElo "2295"]
[BlackElo "2260"]
[WhiteFideId "13419315"]
[BlackFideId "800473"]
[EventDate "2025.06.24"]

1. e4 e5 2. Nf3 Nc6 3. Bc4 Nf6 4. d3 Bc5 5. Nc3 d6 6. Na4 Bb6 7. a3 h6 8. h3 O-O
9. O-O Be6 10. Bxe6 fxe6 11. c3 Qe8 12. Nxb6 axb6 13. b4 Nh5 14. Ra2 Nf4 15.
Bxf4 exf4 16. a4 e5 17. Qb3+ Kh7 18. Rfa1 Qf7 19. Qxf7 Rxf7 20. a5 bxa5 21. b5
Nd8 22. Rxa5 Rxa5 23. Rxa5 Ne6 24. d4 b6 25. Ra7 exd4 26. cxd4 g5 27. d5 Nc5 28.
e5 dxe5 29. Nxe5 Re7 30. Nc4 Kg6 31. Kh2 Re4 32. Nd2 Rd4 33. Nf3 Rxd5 34. Rxc7
Ne4 35. Rc6+ Rd6 36. Rc2 Rd5 37. Rc6+ Rd6 38. Ne5+ Kf5 39. Nc4 Rxc6 40. bxc6 Ke6
41. f3 Nf6 42. Nxb6 Kd6 43. Nc4+ Kxc6 44. Ne5+ Kd5 45. Nf7 Ng8 46. h4 Ke6 47.
Nd8+ Kd7 48. Nb7 Ke6 49. Kh3 Kf5 50. Nd6+ Kg6 51. Ne4 Nf6 52. Nd6 h5 53. hxg5
Kxg5 54. Nf7+ Kg6 55. Ne5+ Kf5 56. Nd3 Nd5 57. Nc5 Kg5 58. Ne4+ Kf5 59. Nf2 Ne3
60. Nd3 Kg5 61. Ne5 Kf5 62. Nf7 Kg6 63. Nd6 Kf6 64. Ne4+ Kf5 65. Nc3 Kg6 66. Ne2
Kf5 67. Kh2 Kg5 68. Nd4 Kh4 69. Ne6 1-0

[Event "Titled Tue 24th Jun Early"]
[Site "chess.com INT"]
[Date "2025.06.24"]
[Round "1"]
[White "Weetik, Vjacheslav"]
[Black "Kawka, Milena"]
[Result "1-0"]
[WhiteTitle "FM"]
[BlackTitle "WCM"]
[WhiteElo "2423"]
[BlackElo "2003"]
[WhiteFideId "4153472"]
[BlackFideId "21095167"]
[EventDate "2025.06.24"]

1. Nf3 Nf6 2. g3 c5 3. Bg2 Nc6 4. O-O g6 5. c3 Bg7 6. d4 cxd4 7. cxd4 d5 8. Nc3
O-O 9. Ne5 Bf5 10. Nxc6 bxc6 11. Bf4 Nd7 12. Rc1 Qb6 13. Na4 Qxd4 14. Qxd4 Bxd4
15. Rxc6 Nf6 16. Rd1 Bd7 17. Ra6 Bxa4 18. Rxd4 Bb5 19. Ra5 Bxe2 20. Bg5 Rfc8 21.
h3 Rc4 22. Bxf6 exf6 23. Rxc4 Bxc4 24. b3 Be2 25. Bxd5 Rd8 26. f4 Rd7 27. Kf2
Bd3 28. Ke3 Bb1 29. Bc4 f5 30. a4 Kg7 31. g4 fxg4 32. hxg4 Bc2 33. Ra6 Rb7 34.
Bd5 Rd7 35. Ra5 h5 36. gxh5 gxh5 37. Rc5 Bg6 38. Bc4 Re7+ 39. Kf3 Be4+ 40. Kg3
f5 41. Kh4 Kf6 42. Ra5 Bf3 43. Ra6+ Kg7 44. Kg5 Bg4 45. Rg6+ Kh7 46. Rh6+ Kg7
47. a5 Rb7 48. Rg6+ Kh7 49. a6 Rc7 50. Rh6+ Kg7 51. Rg6+ Kh7 52. Rd6 Bf3 53.
Kxf5 h4 54. Kg5 h3 55. Rh6+ Kg7 56. Rxh3 Rc6 57. Rxf3 Rxa6 58. Bxa6 1-0

[Event "Titled Tue 24th Jun Early"]
[Site "chess.com INT"]
[Date "2025.06.24"]
[Round "1"]
[White "Kozak, Antoni"]
[Black "Diachek, Andrii"]
[Result "1/2-1/2"]
[BlackTitle "CM"]
[WhiteElo "2426"]
[BlackElo "2177"]
[WhiteFideId "21832030"]
[BlackFideId "34106499"]
[EventDate "2025.06.24"]

1. Nf3 d5 2. c4 d4 3. b4 c5 4. b5 Qc7 5. g3 e5 6. d3 Nf6 7. Bg2 Bd6 8. O-O O-O
9. a4 a6 10. Bg5 Nbd7 11. e4 axb5 12. cxb5 c4 13. dxc4 Nxe4 14. Nbd2 Nc3 15. Qc2
f6 16. Bh4 g5 17. Bxg5 fxg5 18. Nxg5 Nf6 19. a5 Rxa5 20. c5 Rxa1 21. Rxa1 Qxc5
22. Qb3+ Kg7 23. Ra8 Qxb5 24. Qc2 Qc5 25. Qd3 h6 26. Rxc8 Qxc8 27. Ngf3 e4 28.
Qf1 exf3 29. Bxf3 Re8 30. Qd3 Be5 31. Kg2 b5 32. h4 h5 33. Qc2 Ncd5 34. Qd3 Nb4
35. Qb3 Qc5 36. Qb1 Qc3 37. Nb3 Qc2 38. Qa1 Qxb3 39. Qa7+ Qf7 40. Qb6 Nbd5 41.
Qxb5 Nc3 42. Qd3 Qg6 43. Qa6 d3 44. Qb7+ Qf7 45. Qc6 Rd8 46. Qb6 d2 47. Qxd8 Qd7
48. Qa5 d1=Q 49. Bxd1 Nxd1 50. Qxe5 Qd5+ 51. Qxd5 Nxd5 52. f3 N1e3+ 53. Kh3 Kg6
54. g4 Nf4+ 55. Kg3 Ne2+ 56. Kf2 Nxg4+ 57. fxg4 hxg4 58. Kxe2 Kh5 59. Kf2 Kxh4
60. Kg2 g3 61. Kg1 Kh3 62. Kh1 Kg4 63. Kg2 Kf4 64. Kg1 Kf3 65. Kf1 g2+ 66. Kg1
Kg3 1/2-1/2

[Event "Titled Tue 24th Jun Early"]
[Site "chess.com INT"]
[Date "2025.06.24"]
[Round "1"]
[White "Marin Posada, Sebastian"]
[Black "Negrean, Andrei"]
[Result "0-1"]
[WhiteTitle "FM"]
[BlackTitle "FM"]
[WhiteElo "2246"]
[BlackElo "2352"]
[WhiteFideId "4402782"]
[BlackFideId "1291513"]
[EventDate "2025.06.24"]

1. e4 c5 2. Nf3 a6 3. c3 Nf6 4. e5 Nd5 5. d4 cxd4 6. cxd4 e6 7. Bc4 d6 8. O-O
Be7 9. exd6 Qxd6 10. Nbd2 O-O 11. Ne4 Qd8 12. Qe2 b5 13. Bd3 Bb7 14. a4 b4 15.
Bd2 Nd7 16. a5 N5f6 17. Rfc1 Nxe4 18. Bxe4 Bxe4 19. Qxe4 Nf6 20. Qb7 Bd6 21. Bg5
h6 22. Bh4 Bf4 23. Rc6 Qd5 24. Bxf6 gxf6 25. Rb6 Qxb7 26. Rxb7 Rfb8 27. Rxb8+
Rxb8 28. g3 Bc7 29. Nd2 Rb5 30. Nb3 Kf8 31. Rc1 Bxa5 32. Rc6 Bb6 33. Rc8+ Kg7
34. Rb8 Bc7 35. Rc8 Bd6 36. Rc6 Be7 37. Rxa6 f5 38. Rc6 Rd5 39. Rc4 h5 40. Kg2
h4 41. Kf3 hxg3 42. hxg3 Kg6 43. Kf4 Bd6+ 44. Ke3 Rb5 45. Kd3 f4 46. gxf4 Rf5
47. Ke4 Rxf4+ 48. Ke3 Rf5 49. Rc6 Bf4+ 50. Ke4 Bg5 51. f3 Rf4+ 52. Ke3 Rh4+ 53.
Kf2 Rh2+ 54. Kg3 Rxb2 55. Nc5 Bf6 56. d5 Be5+ 0-1

[Event "Titled Tue 24th Jun Early"]
[Site "chess.com INT"]
[Date "2025.06.24"]
[Round "1"]
[White "Gaal, Zsoka"]
[Black "Sjugirov, Sanan"]
[Result "1/2-1/2"]
[WhiteTitle "WGM"]
[BlackTitle "GM"]
[WhiteElo "2391"]
[BlackElo "2635"]
[WhiteFideId "777765"]
[BlackFideId "4189302"]
[EventDate "2025.06.24"]

1. Nf3 d5 2. g3 Bg4 3. Bg2 c6 4. O-O Nf6 5. h3 Bxf3 6. Bxf3 e5 7. d3 Bc5 8. e4
O-O 9. Qe2 Re8 10. Nd2 Nbd7 11. c3 a5 12. a4 h6 13. Re1 Bb6 14. Nf1 Nc5 15. Qc2
d4 16. Rd1 Ne6 17. Nd2 Nd7 18. Nc4 Bc7 19. h4 Qe7 20. Bg4 Reb8 21. b3 dxc3 22.
Ba3 Qf6 23. Qxc3 b5 24. axb5 cxb5 25. Ne3 b4 26. Qc1 bxa3 27. Nd5 Qd8 28. Bxe6
fxe6 29. Nxc7 Rc8 30. Nxa8 Rxc1 31. Rdxc1 Qxa8 32. Rxa3 Qb7 33. Rxa5 Qxb3 34.
Ra7 Qxd3 35. Rc8+ Kh7 36. Rcc7 Qb1+ 37. Kh2 Qe1 38. Rxd7 Qxf2+ 39. Kh3 Qf1+ 40.
Kh2 Qe2+ 41. Kh3 Qxe4 42. Rxg7+ Kh8 43. Rgf7 Kg8 44. Rg7+ Kh8 45. Rgf7 Qh1+ 46.
Kg4 Qd1+ 47. Kh3 Qh1+ 48. Kg4 Qd1+ 49. Kh3 Kg8 50. Rg7+ Kf8 51. Rgf7+ Ke8 52.
Rfe7+ Kd8 53. Rg7 Qh1+ 54. Kg4 Qd1+ 55. Kh3 Qh1+ 56. Kg4 Qd1+ 57. Kh3 1/2-1/2

[Event "Titled Tue 24th Jun Early"]
[Site "chess.com INT"]
[Date "2025.06.24"]
[Round "1"]
[White "Verbova, Elena"]
[Black "Tregubov, Pavel V."]
[Result "1/2-1/2"]
[WhiteTitle "WFM"]
[BlackTitle "GM"]
[WhiteElo "2033"]
[BlackElo "2550"]
[WhiteFideId "14203677"]
[BlackFideId "4115341"]
[EventDate "2025.06.24"]

1. c4 e5 2. g3 Nf6 3. Bg2 Bc5 4. Nc3 Nc6 5. e3 d5 6. cxd5 Nb4 7. d3 Nbxd5 8. Nf3
Nxc3 9. bxc3 e4 10. Nd4 exd3 11. Qxd3 O-O 12. O-O Bb6 13. Qc2 c5 14. Nf5 g6 15.
Nh6+ Kg7 16. e4 Ng4 17. Nxg4 Bxg4 18. h3 Be6 19. c4 Bc7 20. Bb2+ f6 21. f4 Bf7
22. g4 Kg8 23. Qc3 Qd4+ 24. Qxd4 cxd4 25. Bxd4 Bxc4 26. Rfc1 b5 27. a4 a6 28.
Bf1 Bxf4 29. Bxc4+ bxc4 30. Rxc4 Rae8 31. Re1 Be5 32. Bxe5 Rxe5 33. Rd1 Rfe8 34.
Rd6 Rxe4 35. Rxe4 Rxe4 36. Rxa6 Kg7 37. a5 Re2 38. Rb6 Ra2 39. a6 Kh6 40. Rxf6
Kg5 41. Rf7 h6 42. a7 Kh4 43. Rf3 Rxa7 44. Rf6 Kg5 45. Rf3 Ra2 46. Re3 Rb2 47.
Re6 Rb3 48. Kg2 Rb2+ 49. Kg3 Rb3+ 50. Kg2 h5 51. gxh5 gxh5 52. Re5+ Kg6 53. h4
Rb4 54. Rg5+ Kh6 55. Kh3 Rb3+ 56. Kg2 Ra3 57. Kh2 Rb3 58. Kg2 Ra3 59. Kh2 Rb3
60. Kg2 1/2-1/2

[Event "Titled Tue 24th Jun Early"]
[Site "chess.com INT"]
[Date "2025.06.24"]
[Round "1"]
[White "Demchenko, Yaroslav"]
[Black "Borges, Wagner da Silva"]
[Result "1-0"]
[WhiteTitle "CM"]
[BlackTitle "CM"]
[WhiteElo "2263"]
[BlackElo "2062"]
[WhiteFideId "14186667"]
[BlackFideId "2100401"]
[EventDate "2025.06.24"]

1. Nf3 Nf6 2. b3 d5 3. Bb2 c5 4. e3 Nc6 5. d4 Bg4 6. Bd3 e6 7. a3 Be7 8. Nbd2
O-O 9. h3 Bf5 10. Bxf5 exf5 11. O-O Ne4 12. dxc5 Nxc5 13. Nd4 Bf6 14. N2f3 Ne4
15. Qd3 g6 16. Rfd1 Nxd4 17. Bxd4 Bxd4 18. Qxd4 Qc7 19. Rac1 Rfd8 20. h4 Nc3 21.
Rd2 Ne4 22. Rd3 b6 23. h5 Qc5 24. Qe5 Rac8 25. h6 f6 26. Qe6+ Kh8 27. Qf7 Rc7
28. Qe6 Re7 29. b4 Qc7 30. Qxd5 Rxd5 31. Rxd5 Nc3 32. Rd2 f4 33. Re1 Kg8 34. Rd3
fxe3 35. fxe3 Ne4 36. Red1 Qg3 37. Rd8+ Kf7 38. Rh8 Ke6 39. Nd4+ Ke5 40. Nc6+
Ke6 41. Nd4+ Ke5 42. Nf3+ Kf5 43. Rd5+ Re5 44. Rd1 Qf2+ 45. Kh2 Kg4 46. Nxe5+
fxe5 47. Rhd8 Qh4+ 48. Kg1 Qf2+ 49. Kh2 Qh4+ 50. Kg1 Qxh6 51. R8d3 Qh4 52. Rf1
Qg3 53. Rf3 Qe1+ 54. Rf1 Qg3 55. Rfd1 1-0

[Event "Titled Tue 24th Jun Early"]
[Site "chess.com INT"]
[Date "2025.06.24"]
[Round "1"]
[White "Ivanov, Andrey A."]
[Black "Tekeyev, Zaur"]
[Result "0-1"]
[WhiteTitle "CM"]
[BlackTitle "IM"]
[WhiteElo "2120"]
[BlackElo "2407"]
[WhiteFideId "2514311"]
[BlackFideId "4199731"]
[EventDate "2025.06.24"]

1. Nf3 Nf6 2. d4 g6 3. c4 Bg7 4. Nc3 d6 5. e4 Bg4 6. Be2 Bxf3 7. Bxf3 e5 8. dxe5
dxe5 9. Qxd8+ Kxd8 10. Bg5 c6 11. O-O-O+ Kc7 12. Be3 h5 13. Bc5 Bf8 14. Be3 Bh6
15. h3 Nbd7 16. Kc2 h4 17. Rd2 a5 18. Rhd1 Bxe3 19. fxe3 Nc5 20. b3 Rad8 21. a3
Rxd2+ 22. Rxd2 Ra8 23. Rf2 Ne8 24. Bg4 f6 25. Rf1 Rd8 26. Be2 Na6 27. Rf2 Rd7
28. Rf3 Rf7 29. Na4 Nd6 30. Bd3 b6 31. Rf2 Nc5 32. Nxc5 bxc5 33. Kc3 Kd7 34. Rf3
Ke6 35. Rf2 Nb7 36. b4 axb4+ 37. axb4 cxb4+ 38. Kxb4 Rd7 39. Bc2 Ke7 40. c5 Ke6
41. Bb3+ Ke7 42. Bc4 Nd8 43. Kc3 Rb7 44. Rd2 Ra7 45. Rd6 Rc7 46. Bb3 Rb7 47. Bc4
Ra7 48. Bb3 Ra8 49. Bc4 Ra5 50. Kb4 Rxc5 51. Kxc5 Nb7+ 52. Kxc6 Nxd6 53. Bd5 Ne8
54. Kc5 Ng7 55. Kc6 Nh5 56. Bc4 Ng3 57. Bf1 Nxf1 58. Kd5 Nxe3+ 0-1

[Event "Titled Tue 24th Jun Early"]
[Site "chess.com INT"]
[Date "2025.06.24"]
[Round "1"]
[White "Ugorek, Kacper"]
[Black "Duarte Cramer, Lily Jeanette"]
[Result "1-0"]
[WhiteTitle "CM"]
[BlackTitle "WCM"]
[WhiteElo "2262"]
[BlackElo "1828"]
[WhiteFideId "21890676"]
[BlackFideId "29620180"]
[EventDate "2025.06.24"]

1. f4 d5 2. b3 c5 3. Bb2 Nc6 4. Nf3 Bg4 5. e3 e6 6. Bb5 Nf6 7. O-O a6 8. Bxc6+
bxc6 9. d3 Be7 10. Nbd2 O-O 11. h3 Bxf3 12. Nxf3 Nd7 13. e4 d4 14. a4 Bf6 15.
Qe2 e5 16. f5 Re8 17. Bc1 Nf8 18. g4 h6 19. Bd2 Nh7 20. Kg2 Ng5 21. Nh2 Nh7 22.
Nf3 Ng5 23. Rh1 Nxf3 24. Qxf3 Bg5 25. Be1 Bf4 26. h4 g6 27. Bg3 Bxg3 28. Qxg3
Qa5 29. Raf1 Ra7 30. g5 h5 31. fxg6 fxg6 32. Rf6 Qd2+ 33. Rf2 Qa5 34. Rhf1 Rg7
35. Rf6 Qc7 36. Qf2 Qd7 37. Qg3 Ree7 38. Rf8+ Kh7 39. R1f6 Re6 40. Rxe6 Qxe6 41.
Rf6 Qd7 42. Qxe5 Qg4+ 43. Qg3 Qe2+ 44. Rf2 Qd1 45. Qf3 Qc1 46. Qf4 Qd1 47. Qf3
Qb1 48. e5 Re7 49. Qxc6 Qd1 50. Qe4 Qg4+ 51. Qxg4 hxg4 52. Re2 Kg7 53. e6 Kf8
54. Kg3 Ke8 55. Kxg4 Kd8 56. Kf4 Kc7 57. Ke5 Rh7 58. Re4 Kd8 59. Kf6 Rh8 60. e7+
Ke8 61. Kxg6 Rg8+ 62. Kf6 c4 63. bxc4 a5 64. Rxd4 Rg6+ 65. Kxg6 Kxe7 66. Rd5 Ke6
67. Rxa5 Ke7 68. Rd5 Kf8 69. Re5 Kg8 70. Re8# 1-0

[Event "Titled Tue 24th Jun Early"]
[Site "chess.com INT"]
[Date "2025.06.24"]
[Round "1"]
[White "Anakok, Deniz"]
[Black "Akhmedov, David"]
[Result "0-1"]
[WhiteTitle "CM"]
[BlackTitle "FM"]
[WhiteElo "2058"]
[BlackElo "2447"]
[WhiteFideId "51603586"]
[BlackFideId "34220194"]
[EventDate "2025.06.24"]

1. e4 e5 2. Nf3 Nc6 3. Bc4 Nf6 4. d3 Be7 5. O-O O-O 6. c3 d6 7. Nbd2 Be6 8. b4
Bxc4 9. Nxc4 a6 10. Be3 Re8 11. h3 h6 12. Qb3 Bf8 13. Rfe1 b5 14. Ncd2 a5 15. a3
d5 16. exd5 Nxd5 17. Rad1 axb4 18. cxb4 Qd7 19. Ne4 Rad8 20. Bc5 Bxc5 21. Nxc5
Qf5 22. Re4 Nf4 23. Nh2 Nd4 24. Qa2 Qg6 25. g3 Nxh3+ 26. Kh1 Ng5 27. Re3 Qh5 28.
g4 Qh4 29. Rg1 Ndf3 30. Rg2 Nxh2 31. Rxh2 Qxg4 32. Rg3 Qd1+ 33. Rg1 Qf3+ 34.
Rgg2 e4 35. Qd2 e3 36. fxe3 Qf1+ 37. Rg1 Qxg1+ 38. Kxg1 Nf3+ 39. Kf1 Nxd2+ 40.
Rxd2 Rxe3 41. Kf2 Rh3 42. Rd1 Rh2+ 43. Ke3 Ra2 44. d4 Rxa3+ 45. Ke4 c6 46. Ke5
Rc3 47. Ke4 Rc4 48. Nd3 Rcxd4+ 49. Ke3 h5 50. Rd2 h4 51. Rd1 h3 52. Rd2 Rxd3+
53. Rxd3 Rxd3+ 54. Kxd3 h2 55. Kd4 h1=Q 56. Kc5 Qd5+ 57. Kb6 g5 58. Ka5 g4 59.
Kb6 g3 60. Ka5 g2 61. Ka6 g1=Q 62. Kb7 Qgd4 63. Ka6 f5 64. Ka5 f4 65. Ka6 f3 66.
Ka5 f2 67. Ka6 f1=Q 68. Kb7 Qff7+ 69. Ka6 Qfa7# 0-1

[Event "Titled Tue 24th Jun Early"]
[Site "chess.com INT"]
[Date "2025.06.24"]
[Round "1"]
[White "Priasmoro, Novendra"]
[Black "Melaugh, Shane"]
[Result "0-1"]
[WhiteTitle "GM"]
[BlackTitle "CM"]
[WhiteElo "2407"]
[BlackElo "2180"]
[WhiteFideId "7105029"]
[BlackFideId "2509580"]
[EventDate "2025.06.24"]

1. d4 e6 2. Nf3 f5 3. g3 Nf6 4. Bg2 Be7 5. O-O d5 6. c4 Ne4 7. b3 Nc6 8. Ba3 Bf6
9. e3 h5 10. h4 g5 11. hxg5 Bxg5 12. Nxg5 Qxg5 13. Nd2 Nxd2 14. Qxd2 h4 15. g4
Qxg4 16. Kh2 Bd7 17. cxd5 exd5 18. Bxd5 O-O-O 19. Rg1 Qh5 20. Qd1 Qh6 21. Qf3
Kb8 22. Rg2 f4 23. Rag1 fxe3 24. fxe3 Rhe8 25. Rg5 h3 26. Qf4 Ne7 27. Bh1 Nc8
28. Qf3 Bc6 29. Qg3 Bxh1 30. Kxh1 Qe6 31. Rg7 Nd6 32. Bxd6 cxd6 33. Qf3 Qe4 34.
Qxe4 Rxe4 35. R1g3 Rde8 36. Rxh3 Rxe3 37. Rhh7 Re1+ 38. Kh2 R8e2+ 39. Kh3 Rh1+
40. Kg4 Rxh7 41. Rxh7 Rxa2 42. Kf5 Rb2 43. Ke6 Rxb3 44. Kxd6 a5 45. d5 a4 46.
Rh8+ Ka7 47. Kc7 Rc3+ 48. Kd7 a3 49. d6 a2 50. Rh1 b5 51. Ra1 Rc2 52. Ke7 Re2+
53. Kf7 Kb6 54. d7 Kc7 55. Rd1 Rf2+ 56. Ke7 Re2+ 57. Kf6 Kd8 58. Rc1 Kxd7 0-1

[Event "Titled Tue 24th Jun Early"]
[Site "chess.com INT"]
[Date "2025.06.24"]
[Round "1"]
[White "Skliarov, Viktor"]
[Black "Mateus, Martha"]
[Result "1/2-1/2"]
[WhiteTitle "IM"]
[BlackTitle "WIM"]
[WhiteElo "2334"]
[BlackElo "1972"]
[WhiteFideId "14106736"]
[BlackFideId "4401549"]
[EventDate "2025.06.24"]

1. e4 c5 2. Nf3 d6 3. d4 cxd4 4. Qxd4 Nc6 5. Bb5 e5 6. Bxc6+ bxc6 7. Qd3 Be7 8.
c4 Be6 9. O-O h6 10. c5 Nf6 11. cxd6 Qxd6 12. Qxd6 Bxd6 13. Nc3 Ke7 14. b3 g5
15. Bb2 Rhd8 16. Rfe1 g4 17. Nh4 a5 18. Na4 Rab8 19. Rac1 Rdc8 20. Nf5+ Bxf5 21.
exf5 Nd7 22. Re4 Nf6 23. Rec4 Kd7 24. Bc3 Rb5 25. Bd2 h5 26. Nc3 Rb4 27. Na4 Rb5
28. Be3 Nd5 29. Bc5 Bxc5 30. Nxc5+ Kd6 31. Ne4+ Kd7 32. Ng5 f6 33. Ne4 Rb4 34.
Kf1 Rcb8 35. Nc5+ Kd6 36. Nd3 Rxc4 37. Rxc4 Rb5 38. Ke2 Nb6 39. Rc3 e4 40. Nb2
Rxf5 41. Nc4+ Nxc4 42. Rxc4 Re5 43. Rd4+ Kc5 44. Rd8 Kb4 45. Rd4+ Kc5 46. Rd8
Kb4 47. Rd4+ Kc3 48. Rc4+ Kb2 49. Ra4 f5 50. Ke3 Rd5 51. g3 Rd3+ 52. Ke2 Rf3 53.
Rxa5 Kc2 54. Rc5+ Kb2 55. Rxc6 Kxa2 56. b4 Rb3 57. Rc5 Rb2+ 58. Kf1 Rb1+ 59. Ke2
Rb2+ 60. Ke3 Rb3+ 61. Ke2 Rb2+ 1/2-1/2

[Event "Titled Tue 24th Jun Early"]
[Site "chess.com INT"]
[Date "2025.06.24"]
[Round "1"]
[White "Cherepov, Alexej"]
[Black "Rogov, Matfey"]
[Result "1-0"]
[WhiteTitle "CM"]
[BlackTitle "FM"]
[WhiteElo "2083"]
[BlackElo "2348"]
[WhiteFideId "13503650"]
[BlackFideId "44191308"]
[EventDate "2025.06.24"]

1. d4 Nf6 2. c4 e6 3. g3 d5 4. Bg2 dxc4 5. Nf3 Nc6 6. Qa4 Bb4+ 7. Bd2 Nd5 8.
Bxb4 Nxb4 9. Ne5 Bd7 10. Nxc6 Bxc6 11. Bxc6+ Nxc6 12. e3 Qd5 13. O-O b5 14. Qd1
O-O 15. Nc3 Qg5 16. f4 Qg6 17. Nxb5 Rab8 18. a4 a6 19. Nxc7 Rxb2 20. Nxa6 Qe4
21. Qf3 Qd3 22. Nc5 Nxd4 23. Nxd3 Nxf3+ 24. Rxf3 cxd3 25. Rf2 d2 26. Rd1 Rd8 27.
a5 Rc2 28. Kg2 f5 29. a6 Kf7 30. a7 Kf6 31. Kf3 Ra2 32. Rfxd2 Rdxd2 33. Rxd2
Rxa7 34. h3 h5 35. Rb2 Ra1 36. h4 Rf1+ 37. Kg2 Re1 38. Kf2 Rd1 39. Rb6 Rd2+ 40.
Kf3 Rc2 41. Ra6 Rd2 42. Rb6 Ke7 43. Ra6 Rd6 44. Ra7+ Kf6 45. Rb7 Rc6 46. Ra7 Rb6
47. Rc7 g6 48. Ra7 Rd6 49. Rb7 e5 50. fxe5+ Kxe5 51. Rb5+ Rd5 52. Rxd5+ Kxd5 53.
Kf4 Ke6 54. Kg5 Kf7 55. Kh6 Kf6 56. Kh7 1-0

[Event "Titled Tue 24th Jun Early"]
[Site "chess.com INT"]
[Date "2025.06.24"]
[Round "1"]
[White "Moroni, Luca Jr"]
[Black "Marchesich, Giovanni"]
[Result "1/2-1/2"]
[WhiteTitle "GM"]
[BlackTitle "CM"]
[WhiteElo "2549"]
[BlackElo "2189"]
[WhiteFideId "865834"]
[BlackFideId "2824790"]
[EventDate "2025.06.24"]

1. c4 c5 2. Nc3 g6 3. g3 Bg7 4. Bg2 Nc6 5. d3 e5 6. a3 Nge7 7. Rb1 a5 8. h4 h6
9. Be3 d6 10. Nf3 O-O 11. Qc1 Nf5 12. Bd2 Kh7 13. Nd5 Be6 14. e3 Rb8 15. h5 g5
16. Ng1 b5 17. Ne2 bxc4 18. dxc4 Nfe7 19. Nec3 f5 20. Qc2 Kh8 21. Nxe7 Nxe7 22.
Nd5 Bxd5 23. cxd5 e4 24. g4 Nxd5 25. gxf5 Nf6 26. Bxe4 Nxe4 27. Qxe4 Qf6 28. Bc3
Qxf5 29. Bxg7+ Kxg7 30. Qxf5 Rxf5 31. Ke2 Rbf8 32. Rh2 Kf6 33. Rd1 Ke6 34. Rd2
c4 35. Kd1 d5 36. Kc2 Rf3 37. Kc3 Rb8 38. Rg2 Ke5 39. Rg1 Rb3+ 40. Kc2 Rf6 41.
Rgd1 Rd6 42. Rd4 Rb7 43. e4 Rf7 44. R1d2 Rf4 45. Rxd5+ Rxd5 46. exd5 Kd6 47. Kc3
Rh4 48. a4 Rxh5 49. Kxc4 Rh4+ 50. Kb5 Rf4 51. Kxa5 h5 52. Kb5 h4 53. a5 h3 54.
f3 Rxf3 55. a6 Rb3+ 56. Ka5 Rb8 57. a7 Rg8 58. Kb6 g4 59. Kb7 g3 60. Rd3 Rg7+
61. Kb6 Rxa7 62. Rxg3 Rh7 63. Rg1 Kxd5 64. Rh1 h2 65. b4 Ke4 66. b5 Kf3 67. Kc6
Kg2 68. Rxh2+ Kxh2 69. b6 Rh6+ 70. Kc7 Rxb6 71. Kxb6 1/2-1/2

[Event "Titled Tue 24th Jun Early"]
[Site "chess.com INT"]
[Date "2025.06.24"]
[Round "1"]
[White "Gu, Xiaobing"]
[Black "Seder, Mohammed"]
[Result "0-1"]
[WhiteTitle "WGM"]
[BlackTitle "FM"]
[WhiteElo "2148"]
[BlackElo "2075"]
[WhiteFideId "8602611"]
[BlackFideId "11505567"]
[EventDate "2025.06.24"]

1. e4 e6 2. d4 c5 3. Nf3 Nf6 4. e5 Nd5 5. c4 Nb6 6. d5 d6 7. exd6 Bxd6 8. Nc3
O-O 9. Be2 exd5 10. cxd5 Bg4 11. O-O N8d7 12. Ne4 Ne5 13. Nxe5 Bxe2 14. Qxe2
Bxe5 15. Rd1 Re8 16. Qg4 g6 17. Bg5 f6 18. Bh4 Rc8 19. d6 Qd7 20. Qf3 Re6 21.
Bxf6 Rf8 22. Nxc5 Rfxf6 23. Nxd7 Rxf3 24. Nxe5 Rf8 25. Ng4 Rd8 26. Rac1 Rexd6
27. Rxd6 Rxd6 28. f4 Rd2 29. Ne5 Rxb2 30. Rc7 Nd5 31. Rd7 Nxf4 32. g3 Nh3+ 33.
Kf1 Ng5 34. h4 Ne4 35. g4 Ng3+ 36. Kg1 Ne2+ 37. Kf1 Nf4 38. g5 Rxa2 39. Rxb7 Ng2
40. Ng4 Nxh4 41. Nf6+ Kf8 42. Nxh7+ Ke8 43. Nf6+ Kd8 44. Rh7 Nf5 45. Rh8+ Kc7
46. Rg8 Ra1+ 47. Kf2 Ra2+ 48. Kf1 Ne3+ 49. Ke1 Ng2+ 50. Kf1 Nf4 51. Ke1 a5 52.
Rg7+ Kc6 53. Ne4 Re2+ 54. Kf1 Rxe4 55. Rf7 Nd5 0-1